000 00603cam a22001457a 4500
008 180718b2004 xxu||||| |||| 00| 0 eng d
082 _aAPPPA 2003-04 AGA/1
100 _aAgarwalla, Rajendra Prasad
245 _aEcotourism: emerging issues, expanding horizons & future strategies: a case study of national parks in Assam
_cby Rajendra Prasad Agarwalla
260 _aNew Delhi
_bIndian Institute of Public Administration
_c2004
300 _a76p.
500 _aAn APPPA M.Phil dissertation, 2003-04 (Guide: Dr. T.R. Manoharan)
650 _aTourism - India
650 _aNational parks sancturies - India
999 _c492927
_d492927